[Event "Campeonato de Andalucia de Veteranos 201"]
[Site "Hotel Bellavista, Paseo Centra"]
[Date "2011.04.19"]
[Round "4"]
[White "Fernandez Baez, Jose"]
[Black "Ontiveros Lopez, Francisco"]
[Result "1-0"]
[WhiteElo "1897"]
[BlackElo "1644"]
[PlyCount "63"]
[EventDate "2011.04.17"]
[EventRounds "6"]
[EventCountry "ESP"]

1. d4 d5 2. c4 c6 3. Nc3 Nf6 4. e3 Bf5 5. Qb3 Qb6 6. Nf3 e6 7. Be2 Bb4 8. O-O
dxc4 9. Bxc4 Bxc3 10. bxc3 Nbd7 11. Ba3 Qc7 12. Qb4 Nb6 13. Ne5 Nfd5 14. Bxd5
Nxd5 15. Qc5 f6 16. Nc4 Rd8 17. Nd6+ Qxd6 18. Qxd6 Rxd6 19. Bxd6 Nxc3 20. f3
Bd3 21. Rf2 Kd7 22. Rd2 Ba6 23. Bg3 h5 24. h4 g5 25. hxg5 fxg5 26. Kf2 Rf8 27.
Kg1 h4 28. Be5 h3 29. d5 Nb5 30. dxc6+ Kxc6 31. a4 Nc7 32. Rc1+ 1-0

[Event "Campeonato de Andalucia de Veteranos 201"]
[Site "Hotel Bellavista, Paseo Centra"]
[Date "2011.04.19"]
[Round "4"]
[White "Lopez Banos, Antonio"]
[Black "Subirats Delhom, Juan"]
[Result "1/2-1/2"]
[WhiteElo "1780"]
[BlackElo "1597"]
[PlyCount "130"]
[EventDate "2011.04.17"]
[EventRounds "6"]
[EventCountry "ESP"]

1. e4 e6 2. Nf3 d5 3. exd5 exd5 4. d4 Bg4 5. Be2 Bd6 6. O-O Ne7 7. h3 Bh5 8.
Re1 Nbc6 9. c3 O-O 10. Be3 Re8 11. Nh2 Bxe2 12. Qxe2 Ng6 13. Qf3 Re6 14. Nd2
Nce7 15. Bg5 Rxe1+ 16. Rxe1 f6 17. Be3 c6 18. Ndf1 Qa5 19. a3 Re8 20. Ng3 Qd8
21. Nf5 Nxf5 22. Qxf5 Re7 23. Nf3 Bc7 24. h4 Qd6 25. g3 Qe6 26. Qxe6+ Rxe6 27.
h5 Ne7 28. Kf1 Kf7 29. Nh4 g6 30. hxg6+ hxg6 31. Kg2 g5 32. Nf3 Nf5 33. g4 Nd6
34. Rh1 Kg7 35. Nd2 b6 36. a4 Re8 37. b3 b5 38. Ra1 a5 39. b4 Kg6 40. axb5 cxb5
41. bxa5 Ra8 42. a6 Bb6 43. f3 f5 44. gxf5+ Kxf5 45. Bf2 Ba7 46. Bg3 Ne8 47.
Ra5 Bb8 48. Bxb8 Rxb8 49. a7 Ra8 50. Rxb5 Rxa7 51. Rxd5+ Kf4 52. Re5 Ra2 53.
Re4+ Kf5 54. Re2 Nd6 55. Kf2 Nb5 56. Ne4 Ra4 57. Ng3+ Kf6 58. Ne4+ Kf5 59. Rc2
Kf4 60. d5 g4 61. Nd2 gxf3 62. Nxf3 Ke4 63. Nd2+ Kd3 64. Rb2 Nxc3 65. Kf3 Nxd5
1/2-1/2

[Event "Campeonato de Andalucia de Veteranos 201"]
[Site "Hotel Bellavista, Paseo Centra"]
[Date "2011.04.19"]
[Round "4"]
[White "Aroca Lizana, Jose Maria"]
[Black "Claros Martin, Jose Manuel"]
[Result "0-1"]
[WhiteElo "1468"]
[BlackElo "1573"]
[PlyCount "114"]
[EventDate "2011.04.17"]
[EventRounds "6"]
[EventCountry "ESP"]

1. d4 d5 2. Nf3 e6 3. a3 Bd6 4. Nc3 h6 5. e4 c6 6. exd5 cxd5 7. Bd3 f5 8. O-O
Nf6 9. Re1 Ne4 10. Bxe4 dxe4 11. Nd2 O-O 12. Nc4 a6 13. Nxd6 Qxd6 14. d5 e5 15.
Re3 Nd7 16. f3 exf3 17. Rxf3 Nf6 18. h3 f4 19. Kh1 Bf5 20. b4 Ne4 21. Bb2 Ng3+
22. Kg1 e4 23. Rxg3 fxg3 24. Qd4 Qf6 25. Ne2 Qxd4+ 26. Bxd4 Rac8 27. c3 Rfd8
28. Nxg3 Bg6 29. Re1 Rxd5 30. Nxe4 Re8 31. Nf6+ gxf6 32. Rxe8+ Bxe8 33. Bxf6
Kf7 34. Bd4 Rf5 35. g3 b5 36. g4 Rf3 37. Kh2 Bd7 38. Kg2 Bc6 39. Kh2 Kg6 40.
Be5 h5 41. gxh5+ Kxh5 42. Bd4 Kh4 43. Be5 Rxh3+ 44. Kg1 Rh1+ 45. Kf2 Ra1 46.
Ke3 Rxa3 47. Kd4 Kg4 48. Kc5 Bg2 49. c4 Kf5 50. Bh8 Bf1 51. cxb5 axb5 52. Bd4
Ke4 53. Bg1 Kd3 54. Kd6 Kc3 55. Bc5 Ra4 56. Ke5 Rxb4 57. Ke6 Rb1 0-1

[Event "Campeonato de Andalucia de Veteranos 201"]
[Site "Hotel Bellavista, Paseo Centra"]
[Date "2011.04.19"]
[Round "5"]
[White "Landero Luna, Vicente"]
[Black "Montecatine Rios, Ricardo"]
[Result "1/2-1/2"]
[WhiteElo "2078"]
[BlackElo "2354"]
[PlyCount "38"]
[EventDate "2011.04.17"]
[EventRounds "6"]
[EventCountry "ESP"]

1. d4 Nf6 2. Nf3 g6 3. Bg5 Bg7 4. Nbd2 O-O 5. c3 d6 6. e3 Nbd7 7. Be2 e5 8. O-O
h6 9. Bh4 Re8 10. a4 g5 11. Bg3 Nh5 12. a5 Nxg3 13. hxg3 Nf8 14. a6 b6 15. dxe5
dxe5 16. e4 Be6 17. Nc4 Ng6 18. Ne3 c6 19. Bc4 Qf6 1/2-1/2

[Event "Campeonato de Andalucia de Veteranos 201"]
[Site "Hotel Bellavista, Paseo Centra"]
[Date "2011.04.19"]
[Round "5"]
[White "Ruiz Gutierrez, Manuel"]
[Black "Lerma Moreno, Juan Manuel"]
[Result "1-0"]
[WhiteElo "2193"]
[BlackElo "1897"]
[PlyCount "45"]
[EventDate "2011.04.17"]
[EventRounds "6"]
[EventCountry "ESP"]

1. Nf3 d5 2. d4 Bf5 3. c4 e6 4. Nc3 c6 5. e3 Nd7 6. Bd3 Bxd3 7. Qxd3 Ngf6 8.
O-O Be7 9. Rd1 O-O 10. e4 dxe4 11. Nxe4 Nxe4 12. Qxe4 Nf6 13. Qe2 h6 14. b3 Qa5
15. Ne5 Rad8 16. Bb2 Nd7 17. Ng4 Qf5 18. d5 cxd5 19. cxd5 Nf6 20. d6 Nxg4 21.
dxe7 Rxd1+ 22. Rxd1 Re8 23. Rd8 1-0

[Event "Campeonato de Andalucia de Veteranos 201"]
[Site "Hotel Bellavista, Paseo Centra"]
[Date "2011.04.19"]
[Round "5"]
[White "Bellon Lopez, Juan Manuel"]
[Black "Cebada Benitez, Fernando"]
[Result "1-0"]
[WhiteElo "2397"]
[BlackElo "1991"]
[PlyCount "107"]
[EventDate "2011.04.17"]
[EventRounds "6"]
[EventCountry "ESP"]

1. d4 Nf6 2. Bg5 c5 3. Bxf6 gxf6 4. d5 d6 5. e3 Qb6 6. Qc1 Bf5 7. Ne2 Na6 8.
Ng3 Bd7 9. a4 Qa5+ 10. c3 h5 11. Nd2 f5 12. Nc4 Qc7 13. h4 e6 14. Qd1 O-O-O 15.
Na3 Qb6 16. Nb5 Bxb5 17. axb5 Nc7 18. dxe6 fxe6 19. Nxh5 d5 20. Be2 Nxb5 21.
Nf4 Nc7 22. Qc2 Kb8 23. Ng6 Rh6 24. Nxf8 Rxf8 25. g3 e5 26. O-O-O Qa5 27. h5 d4
28. f4 Nd5 29. exd4 cxd4 30. c4 Ne3 31. Qb1 Nxd1 32. Bxd1 e4 33. g4 e3 34. Qd3
Qd2+ 35. Qxd2 exd2+ 36. Kxd2 fxg4 37. Bxg4 Rxf4 38. Be2 Kc7 39. Kd3 a5 40. Rh3
Kd6 41. Bf3 b6 42. Be4 Kc5 43. Bg6 Rf2 44. b3 Rb2 45. Ke4 Kb4 46. Rd3 Rxb3 47.
Rxd4 Rg3 48. Rd6 Kc5 49. Re6 Rg4+ 50. Kf5 Rxc4 51. Re8 a4 52. Kg5 Rxh5+ 53.
Bxh5 Kb4 54. Bf7 1-0

[Event "Campeonato de Andalucia de Veteranos 201"]
[Site "Hotel Bellavista, Paseo Centra"]
[Date "2011.04.19"]
[Round "5"]
[White "Maldonado Fernandez, Jose"]
[Black "Fernandez Baez, Jose"]
[Result "1-0"]
[WhiteElo "1876"]
[BlackElo "1897"]
[PlyCount "49"]
[EventDate "2011.04.17"]
[EventRounds "6"]
[EventCountry "ESP"]

1. e4 e5 2. Nf3 d6 3. d4 exd4 4. Nxd4 Nf6 5. Nc3 Be7 6. Be2 Bd7 7. O-O Nc6 8.
Nb3 O-O 9. Be3 a6 10. a4 Ne5 11. f3 Bc6 12. Nd4 Qd7 13. Bf2 Rad8 14. Qe1 d5 15.
Nxc6 Qxc6 16. f4 Nc4 17. exd5 Nxd5 18. Nxd5 Qxd5 19. Bxc4 Qxc4 20. Qxe7 Qxc2
21. b4 Rd2 22. Qc5 Re8 23. Qxc2 Rxc2 24. a5 Ree2 25. Rae1 1-0

[Event "Campeonato de Andalucia de Veteranos 201"]
[Site "Hotel Bellavista, Paseo Centra"]
[Date "2011.04.19"]
[Round "5"]
[White "Claros Martin, Jose Manuel"]
[Black "Gonzalez Lopez, Jose Antonio"]
[Result "0-1"]
[WhiteElo "1573"]
[BlackElo "1756"]
[PlyCount "111"]
[EventDate "2011.04.17"]
[EventRounds "6"]
[EventCountry "ESP"]

1. d4 Nf6 2. e3 e6 3. f4 b6 4. Bd3 Bb7 5. Nf3 Be7 6. O-O Be4 7. Bxe4 Nxe4 8.
Nbd2 Nxd2 9. Bxd2 d5 10. Ne5 O-O 11. Be1 f6 12. Nf3 Nd7 13. Nh4 f5 14. Nf3 Nf6
15. Ne5 Ne4 16. Qh5 Bf6 17. g4 Bxe5 18. fxe5 fxg4 19. Bh4 Qd7 20. Qxg4 Nd2 21.
Rf6 Rae8 22. Rd1 Ne4 23. Rxf8+ Rxf8 24. Rf1 Rxf1+ 25. Kxf1 Qf7+ 26. Kg2 Nd2 27.
Qe2 Qg6+ 28. Bg3 Qe4+ 29. Kh3 Nf3 30. Bf2 Nxd4 31. Qh5 Qf5+ 32. Qxf5 Nxf5 33.
Kg4 Kf7 34. Kf4 Ne7 35. e4 dxe4 36. Kxe4 c5 37. a3 Nc6 38. c3 Ke7 39. Bg3 Na5
40. Kd3 Kd7 41. b4 cxb4 42. axb4 Nc6 43. Kc4 Kc7 44. Kb5 Kb7 45. c4 a6+ 46. Ka4
Nd4 47. c5 b5+ 48. Ka3 Kc6 49. Kb2 Kd5 50. Bf2 Nc6 51. Kc3 Nxe5 52. Bd4 g6 53.
Bxe5 Kxe5 54. c6 Kd6 55. Kd4 Kxc6 56. Ke5 0-1

[Event "Campeonato de Andalucia de Veteranos 201"]
[Site "Hotel Bellavista, Paseo Centra"]
[Date "2011.04.19"]
[Round "5"]
[White "Subirats Delhom, Juan"]
[Black "Aroca Lizana, Jose Maria"]
[Result "1-0"]
[WhiteElo "1597"]
[BlackElo "1468"]
[PlyCount "97"]
[EventDate "2011.04.17"]
[EventRounds "6"]
[EventCountry "ESP"]

1. Nf3 Nc6 2. d4 d5 3. Bf4 Nf6 4. h3 Bf5 5. a3 e6 6. e3 Bd6 7. Bxd6 Qxd6 8. c4
dxc4 9. Bxc4 O-O 10. Nc3 Ne4 11. O-O Nxc3 12. bxc3 Be4 13. Nd2 Bg6 14. e4 a6
15. f4 Ne7 16. Bd3 f5 17. e5 Qc6 18. c4 b5 19. Rc1 bxc4 20. Bxc4 Rfd8 21. Qf3
Rxd4 22. Qxc6 Nxc6 23. Bxe6+ Kf8 24. Nf3 Rxf4 25. Rxc6 Ra4 26. Rxc7 Rxa3 27.
Nd4 Re8 28. Re1 f4 29. Bg4 Re3 30. Rxe3 fxe3 31. Rc8 h5 32. Rxe8+ Kxe8 33. Bc8
Bd3 34. Bf5 Bc4 35. Nc2 e2 36. Bg6+ Ke7 37. Bxh5 a5 38. Kf2 a4 39. Bg4 Bb3 40.
Na3 Bd5 41. g3 Be6 42. Bxe6 Kxe6 43. Kxe2 Kxe5 44. Ke3 g5 45. Kd3 Kf5 46. Ke3
Kf6 47. Nb1 Kf5 48. Nd2 Kf6 49. Ne4+ 1-0

[Event "Campeonato de Andalucia de Veteranos 201"]
[Site "Hotel Bellavista, Paseo Centra"]
[Date "2011.04.19"]
[Round "5"]
[White "Moreno Bello, Miguel"]
[Black "Lopez Banos, Antonio"]
[Result "1-0"]
[WhiteElo "1669"]
[BlackElo "1780"]
[PlyCount "41"]
[EventDate "2011.04.17"]
[EventRounds "6"]
[EventCountry "ESP"]

1. a3 e5 2. e4 Nf6 3. f4 Nc6 4. Nc3 d6 5. h3 exf4 6. d4 a6 7. Bxf4 h6 8. Bd3
Nxd4 9. Bc4 Nc6 10. Qe2 Nd4 11. Qd3 Ne6 12. Be3 Be7 13. O-O-O Nd7 14. Nf3 Bf6
15. Bxe6 fxe6 16. e5 dxe5 17. Qg6+ Kf8 18. Bc5+ Be7 19. Nxe5 Qe8 20. Rhf1+ Nf6
21. Rd8 1-0

[Event "Campeonato de Andalucia de Veteranos 201"]
[Site "Hotel Bellavista, Paseo Centra"]
[Date "2011.04.20"]
[Round "6"]
[White "Montecatine Rios, Ricardo"]
[Black "Maldonado Fernandez, Jose"]
[Result "1-0"]
[WhiteElo "2354"]
[BlackElo "1876"]
[PlyCount "45"]
[EventDate "2011.04.17"]
[EventRounds "6"]
[EventCountry "ESP"]

1. d4 Nf6 2. c4 e5 3. dxe5 Ng4 4. Nf3 Bc5 5. e3 Nc6 6. Nc3 Ngxe5 7. Nd4 a5 8.
Be2 O-O 9. O-O d6 10. Nd5 Nb4 11. Nf4 Bd7 12. b3 c6 13. Bd2 Na6 14. a3 Re8 15.
Re1 Nc7 16. Bc3 Ne6 17. Ndxe6 Bxe6 18. b4 axb4 19. axb4 Rxa1 20. Qxa1 Bb6 21.
c5 Bc7 22. Rd1 Qg5 23. cxd6 1-0

[Event "Campeonato de Andalucia de Veteranos 201"]
[Site "Hotel Bellavista, Paseo Centra"]
[Date "2011.04.20"]
[Round "6"]
[White "Ruiz Gutierrez, Manuel"]
[Black "Bellon Lopez, Juan Manuel"]
[Result "0-1"]
[WhiteElo "2193"]
[BlackElo "2397"]
[PlyCount "74"]
[EventDate "2011.04.17"]
[EventRounds "6"]
[EventCountry "ESP"]

1. Nf3 c5 2. e4 e6 3. d4 cxd4 4. Nxd4 Nf6 5. Bd3 a6 6. O-O Qc7 7. Kh1 d6 8. Nc3
Be7 9. f4 O-O 10. Be3 Nbd7 11. Qe2 b5 12. a3 Bb7 13. Bg1 Rfe8 14. Rae1 Nc5 15.
e5 Nxd3 16. cxd3 Nd7 17. Nf3 Rac8 18. d4 Qc4 19. Nd2 Qxe2 20. Rxe2 dxe5 21.
fxe5 Bxa3 22. Nxb5 Bb4 23. Na3 Bd5 24. Ndb1 Nb6 25. Rc2 Be4 26. Rxc8 Rxc8 27.
Be3 Nd5 28. Bd2 h6 29. Bxb4 Nxb4 30. Nc3 Bd3 31. Rd1 Rd8 32. Na2 Be2 33. Rd2
Nxa2 34. Rxe2 Rxd4 35. g3 Nb4 36. Kg2 g5 37. Nb1 Nc6 0-1

[Event "Campeonato de Andalucia de Veteranos 201"]
[Site "Hotel Bellavista, Paseo Centra"]
[Date "2011.04.20"]
[Round "6"]
[White "Gonzalez Lopez, Jose Antonio"]
[Black "Landero Luna, Vicente"]
[Result "0-1"]
[WhiteElo "1756"]
[BlackElo "2078"]
[PlyCount "65"]
[EventDate "2011.04.17"]
[EventRounds "6"]
[EventCountry "ESP"]

1. c4 c6 2. Nc3 d5 3. cxd5 cxd5 4. d4 Nc6 5. Nf3 Bf5 6. Nh4 Bc8 7. Nf3 Nf6 8.
g3 Bf5 9. Bg2 e6 10. O-O h6 11. Qa4 a6 12. Ne5 Rc8 13. Nxc6 Rxc6 14. a3 b5 15.
Qd1 Bd6 16. Bd2 Qb6 17. e3 O-O 18. f3 Rfc8 19. Re1 Bg6 20. Bf1 Bb8 21. Qb3 a5
22. Re2 Bd3 23. Rg2 Bxf1 24. Kxf1 Rc4 25. Re2 Ba7 26. Kg2 Qd6 27. Be1 g6 28.
Bf2 g5 29. e4 dxe4 30. fxe4 Bxd4 31. Bxd4 Rxd4 32. Rf1 Ng4 33. Qc2 0-1

[Event "Campeonato de Andalucia de Veteranos 201"]
[Site "Hotel Bellavista, Paseo Centra"]
[Date "2011.04.20"]
[Round "6"]
[White "Lerma Moreno, Juan Manuel"]
[Black "Subirats Delhom, Juan"]
[Result "1-0"]
[WhiteElo "1897"]
[BlackElo "1597"]
[PlyCount "57"]
[EventDate "2011.04.17"]
[EventRounds "6"]
[EventCountry "ESP"]

1. Nf3 Nf6 2. c4 g6 3. d4 Bg7 4. Nc3 O-O 5. e4 d6 6. Be2 c6 7. h3 b6 8. Be3 Bb7
9. Qc2 Na6 10. a3 Nd7 11. Rd1 Qe8 12. b4 Nc7 13. O-O e5 14. dxe5 dxe5 15. Qd2
Rd8 16. Qc2 Ne6 17. Qa4 Ra8 18. Rd6 Qc8 19. Rfd1 Rd8 20. Ng5 Ndf8 21. Bg4 Qc7
22. Nxe6 fxe6 23. c5 h5 24. Be2 b5 25. Qb3 Qe7 26. R1d2 Kh7 27. Qd1 Bf6 28. g4
hxg4 29. Bxg4 1-0

[Event "Campeonato de Andalucia de Veteranos 201"]
[Site "Hotel Bellavista, Paseo Centra"]
[Date "2011.04.20"]
[Round "6"]
[White "Cebada Benitez, Fernando"]
[Black "Moreno Bello, Miguel"]
[Result "1-0"]
[WhiteElo "1991"]
[BlackElo "1669"]
[PlyCount "49"]
[EventDate "2011.04.17"]
[EventRounds "6"]
[EventCountry "ESP"]

1. e4 e5 2. Nf3 f5 3. Nc3 Nc6 4. Bb5 Bc5 5. d3 a6 6. Ba4 Nf6 7. Bg5 Nd4 8. Nd5
c6 9. Nxf6+ gxf6 10. Bd2 d6 11. Nxd4 Bxd4 12. c3 Ba7 13. Qh5+ Ke7 14. Bb3 d5
15. exf5 Bd7 16. O-O Qc8 17. d4 Bxf5 18. dxe5 Qe6 19. exf6+ Kd7 20. Rae1 Be4
21. Rxe4 Qxe4 22. Re1 Qg6 23. Re7+ Kd8 24. Qe5 Qb1+ 25. Be1 1-0

[Event "Campeonato de Andalucia de Veteranos 201"]
[Site "Hotel Bellavista, Paseo Centra"]
[Date "2011.04.20"]
[Round "6"]
[White "Ontiveros Lopez, Francisco"]
[Black "Claros Martin, Jose Manuel"]
[Result "0-1"]
[WhiteElo "1644"]
[BlackElo "1573"]
[PlyCount "47"]
[EventDate "2011.04.17"]
[EventRounds "6"]
[EventCountry "ESP"]

1. d4 d5 2. Nf3 e6 3. c4 c6 4. e3 Bd6 5. Nc3 f5 6. cxd5 exd5 7. Bd3 Nf6 8. O-O
O-O 9. Ne2 Ne4 10. Ne1 Rf6 11. g3 Qe8 12. Ng2 Nd7 13. Qe1 Nf8 14. h4 Qg6 15.
Nef4 Bxf4 16. exf4 Bd7 17. Bd2 Re8 18. Qd1 Qf7 19. h5 Qe7 20. Re1 Re6 21. Be3
Bc8 22. Kh2 Nxf2 23. Bxf2 Rxe1 24. Bxe1 {Ilegible} 0-1

[Event "Campeonato de Andalucia de Veteranos 201"]
[Site "Hotel Bellavista, Paseo Centra"]
[Date "2011.04.20"]
[Round "6"]
[White "Aroca Lizana, Jose Maria"]
[Black "Lopez Banos, Antonio"]
[Result "0-1"]
[WhiteElo "1468"]
[BlackElo "1780"]
[PlyCount "64"]
[EventDate "2011.04.17"]
[EventRounds "6"]
[EventCountry "ESP"]

1. d4 d5 2. c4 Nf6 3. Nc3 e6 4. a3 a6 5. Bg5 Be7 6. Nf3 h6 7. Bh4 b6 8. e3 Bb7
9. Ne5 O-O 10. Be2 Nbd7 11. Nxd7 Nxd7 12. Bxe7 Qxe7 13. Bf3 Nf6 14. O-O Rab8
15. cxd5 Bxd5 16. Re1 Ba8 17. e4 Rfd8 18. Re3 c6 19. e5 Nh7 20. Ne4 c5 21. Nd6
Bxf3 22. Rxf3 f6 23. Qe2 cxd4 24. Rd1 fxe5 25. Nc4 Ng5 26. Rb3 e4 27. Ne5 Qd6
28. Nc4 Qd5 29. Rxb6 d3 30. Qe3 Qxc4 31. Rxb8 Rxb8 32. h3 Rxb2 0-1